| 000 | 00529 a2200169 4500 | ||
|---|---|---|---|
| 020 | _a0750650494 (v. 1) | ||
| 020 | _a0750650494 | ||
| 020 | _a0750650494 | ||
| 082 | _a624.17 ZIE | ||
| 100 | _aZienkiewicz, O. C. | ||
| 245 |
_aThe finite element method : The Basis [vol-1] / _cO.C. Zienkiewicz, R.L. Taylor. |
||
| 250 | _a5th ed. | ||
| 260 |
_aOxford ; _aBoston : _bButterworth-Heinemann, _c2000. |
||
| 300 |
_a689p. : _bill. ; _c26 cm. |
||
| 650 | _aStructural analysis (Engineering) | ||
| 650 | _aContinuum mechanics. | ||
| 650 | _aFinite element method. | ||
| 999 |
_c1214 _d1214 |
||